| 000 | 00525nam a2200181Ia 4500 | ||
|---|---|---|---|
| 003 | GCL | ||
| 008 | 140319s9999 xx 000 0 ara d | ||
| 040 |
_aGCL / _cGCL |
||
| 082 | 0 | 4 |
_a891.7 _bز هـ |
| 100 | 1 | _aحسين القبانى (مترجم) | |
| 245 | 1 | 0 |
_aالهدف المنشود / _cحسين القبانى (مترجم) |
| 700 | 1 | _aزيبنيا، جالينا | |
| 300 | _a339 ص | ||
| 490 | _a | ||
| 650 | 0 | 4 | _aالقصص الروسية |
| 650 | 0 | 4 | _aالادب الروسى المترجم |
| 942 |
_2ddc _cBK |
||
| 999 |
_c39907 _d39907 |
||